Logo Biblioteca

Pájaros en la boca y otros cuentos / (Registro nro. 522)

Detalles MARC
000 -LEADER
fixed length control field 01287nam a22002177a 4500
003 - CONTROL NUMBER IDENTIFIER
control field OSt
005 - DATE AND TIME OF LATEST TRANSACTION
control field 20260416103951.0
008 - FIXED-LENGTH DATA ELEMENTS--GENERAL INFORMATION
fixed length control field 250613s2018 ag ||||| |||| 00| 1 spa d
020 ## - INTERNATIONAL STANDARD BOOK NUMBER
International Standard Book Number 9789873987984
040 ## - CATALOGING SOURCE
Transcribing agency besoc
100 1# - MAIN ENTRY--PERSONAL NAME
Personal name Schweblin, Samanta,
Dates associated with a name 1978-
245 10 - TITLE STATEMENT
Title Pájaros en la boca y otros cuentos /
Statement of responsibility, etc. Samanta Schweblin
260 ## - PUBLICATION, DISTRIBUTION, ETC.
Place of publication, distribution, etc. Buenos Aires :
Name of publisher, distributor, etc. Penguin Random House,
Date of publication, distribution, etc. 2018
300 ## - PHYSICAL DESCRIPTION
Extent 186 p.
520 ## - SUMMARY, ETC.
Summary, etc. Esta compilación incluye veinte relatos ya publicados en ediciones anteriores de sus libros de cuentos y en ediciones internacionales, además de dos relatos inéditos. La selección, llevada a cabo por la propia autora, configura una pieza indispensable de su prosa breve y de la literatura contemporánea argentina. Heredera de la más prestigiosa tradición literaria, en la línea de Raymond Carver y Flannery O'Connor, Schweblin maneja el lenguaje de una forma extraordinaria, con una prosa sobria y eficaz al servicio de historias que se mueven en el límite entre lo real y lo fantástico. Los cuentos de Schweblin, perturbadores y desconcertantes, plantean un enigma que provoca y atrapa profundamente al lector. [Nota del editor]
648 #4 - SUBJECT ADDED ENTRY--CHRONOLOGICAL TERM
Chronological term Siglo XXI
650 #4 - SUBJECT ADDED ENTRY--TOPICAL TERM
Topical term or geographic name entry element Literatura
651 #4 - SUBJECT ADDED ENTRY--GEOGRAPHIC NAME
Geographic name Argentina
655 #4 - INDEX TERM--GENRE/FORM
Genre/form data or focus term Cuentos
942 ## - ADDED ENTRY ELEMENTS (KOHA)
Source of classification or shelving scheme Universal Decimal Classification
Koha item type Obra General
Suppress in OPAC No
Existencias
Withdrawn status Lost status Source of classification or shelving scheme Damaged status Not for loan Collection Home library Current library Date acquired Total checkouts Full call number Barcode Date last seen Date last checked out Price effective from Koha item type
    Universal Decimal Classification     Colección General Biblioteca Escuela de Ciencias Sociales Biblioteca Escuela de Ciencias Sociales 13/06/2025 2 82-34(82) SCH412 001450 21/05/2026 11/05/2026 13/06/2025 Obra General
Biblioteca de la Escuela Preuniversitaria en Ciencias Sociales y Humanísticas.
Riobamba 250 bis.
CP 2000 - Rosario - Santa Fe
E-Mail: biblioteca@esociales.unr.edu.ar